[Event "3. Open Bohumin 2020"]
[Site "Bohumin"]
[Date "2020.07.18"]
[Round "1.1"]
[White "Kriebel, Tadeas"]
[Black "Stehlik, Jiri"]
[Result "1-0"]
[WhiteElo "2515"]
[BlackElo "1855"]
[Annotator "TA"]
[PlyCount "87"]
[EventDate "2020.07.18"]
[EventType "swiss"]
[EventCountry "CZE"]
[SourceTitle "playchess.com"]
[Source "ChessBase"]
[SourceQuality "1"]

{[%evp 19,87,51,59,46,54,58,55,55,77,66,91,90,89,104,102,102,95,95,99,95,96,95,150,153,181,181,173,169,170,165,208,213,197,195,192,189,215,213,201,192,200,218,218,215,215,208,208,203,244,232,232,218,218,211,279,237,265,270,442,441,439,421,427,427,737,746,727,691,667,408]} 1. d4 d5 2. Nf3 c6 3. c4 Nf6 4. Nc3 g6 5. cxd5 cxd5 6. Bf4 a6 7. h3 Bg7 8. e3 O-O 9. Be2 Nc6 10. O-O b5 11. a4 {D90: Grünfeld: 4 Nf3 Bg7 sidelines.} b4 12. Na2 {[%cal Bc3a2,Ba2c1,Bc1b3][%mdl 32] [#]} e6 $146 ({Predecessor:} 12... Qb6 13. Nc1 Ne4 14. Nb3 a5 15. Rc1 Ba6 16. Bxa6 Qxa6 17. Nc5 Nxc5 18. Rxc5 e6 {1-0 (44) Eljanov,P (2734)-Arkell,K (2415) Douglas 2017}) 13. Nc1 {White is slightly better.} Qe7 14. Nb3 Nd7 15. Qd2 Bb7 16. Rfc1 Rfc8 17. Rc2 Bf8 18. Rac1 Qd8 19. Qd1 Be7 20. Ne1 Kg7 (20... e5 $142) 21. Nd3 $16 f6 22. Ndc5 Nxc5 23. Nxc5 ({Reject} 23. dxc5 $6 Qd7 $11) 23... Bxc5 24. Rxc5 e5 25. dxe5 Nxe5 26. Qd4 Rxc5 27. Rxc5 Nc6 28. Qxd5 Qxd5 29. Rxd5 {[#] Hoping for Rd7+.} Rd8 30. Rxd8 Nxd8 $18 {[%mdl 4096] Endgame KBB-KBN} 31. Bd6 Nc6 32. f3 a5 33. Kf2 f5 34. b3 Kf6 35. Bc7 Bc8 36. Bb5 Bb7 37. Ke2 g5 38. Kd3 g4 $2 {[#]} (38... Ke7 39. Bxc6 Bxc6) 39. hxg4 {White is clearly winning.} fxg4 40. e4 gxf3 41. gxf3 h5 (41... Ke7 $142 42. f4 h5) 42. Bxc6 Bxc6 43. Bxa5 Kg5 44. Ke3 {Black did not feel at home in the position after the opening. Accuracy: White = 96%, Black = 55%.} 1-0

[Event "3. Open Bohumin 2020"]
[Site "Bohumin"]
[Date "2020.07.18"]
[Round "1.2"]
[White "Fialka, Adam"]
[Black "Pulpan, Jakub"]
[Result "0-1"]
[WhiteElo "1850"]
[BlackElo "2407"]
[Annotator "TA"]
[PlyCount "58"]
[EventDate "2020.07.18"]
[EventType "swiss"]
[EventCountry "CZE"]
[SourceTitle "playchess.com"]
[Source "ChessBase"]
[SourceQuality "1"]

{[%evp 15,58,27,32,-4,1,2,7,11,8,8,61,46,0,-2,60,60,63,62,21,29,163,175,175,158,142,156,184,45,15,10,14,-109,-106,-1300,-1301,-1261,-1257,-1035,-1002,-29995,-29996,-29996,-29997,-29997,-29998]} 1. d4 Nf6 2. Nf3 d5 3. e3 c5 4. c4 e6 5. Nc3 Nc6 6. cxd5 exd5 7. Bb5 Bd6 8. dxc5 Bxc5 9. Nd4 {D32: Tarrasch Defence: Sidelines and lines without g3.} Bd7 10. O-O {[#]} O-O $146 ({Predecessor:} 10... Nxd4 11. Bxd7+ Qxd7 12. exd4 Be7 13. Re1 O-O 14. Bf4 Bb4 15. Qb3 Bxc3 16. Qxc3 Rfe8 {½-½ (29) Hittinger,I (1901)-Migl,D (2126) Wuerttemberg 2009}) 11. Nb3 {The position is equal.} Bd6 12. Nxd5 Bxh2+ (12... Re8 $1 $11) 13. Kxh2 $14 {[#] Nxf6+ is the strong threat.} Ng4+ $1 14. Kg3 $1 {Hoping for f3.} ({Don't go for} 14. Kg1 $2 Qh4 $19) 14... Qg5 ({Black should try} 14... h5 $1 $11 15. Rh1 Qg5) 15. f4 Qg6 $1 16. f5 $1 {[%cal Rf5g6]} Bxf5 {aiming for ...Nxe3+.} 17. Nf4 $1 {[%cal Rf4g6]} Qh6 (17... Qg5 $11 {and Black stays safe.} 18. Nh3 Qg6 19. Rxf5 Nf2+ 20. Rg5 (20. Kxf2 Qxf5+ 21. Nf4 Qxb5 $11) 20... Ne4+ {[%mdl 64] Pin} 21. Kh4 Nxg5 22. Nxg5 h6) 18. Rh1 $18 Qf6 19. Bxc6 bxc6 20. e4 $1 {[%cal Re4f5]} Be6 21. Nxe6 (21. Bd2 $18 {Strongly threatening Bc3.} Rfd8 22. Qe2 Bxb3 23. axb3) 21... Nf2 $14 22. Rf1 fxe6 23. Rxf2 (23. Qf3 $11 {was the only way to keep the balance.} Qg6+ 24. Kxf2 Qxe4 {[%mdl 64] Pin} 25. Kg1 Rxf3 26. Rxf3) 23... Qxf2+ $17 24. Kh3 $2 {[%mdl 8192]} (24. Kh2 $17) 24... Rad8 $19 {[%cal Ba8d8,Bd8d3,Bd3g3][%mdl 32]} 25. Qg4 Rd3+ 26. Kh2 {[#]} h5 $1 {[%mdl 576] Deflection} 27. Qxh5 Rg3 {[%csl Gg3][%cal Rf2g2] Black mates.} 28. Qh3 Rff3 {[%csl Gf3][%cal Rg3h3]} 29. Qxe6+ Kh7 {Accuracy: White = 46%, Black = 59%.} 0-1

[Event "3. Open Bohumin 2020"]
[Site "Bohumin"]
[Date "2020.07.18"]
[Round "1.3"]
[White "Niedbala, Bartlomiej"]
[Black "Sadzikowski, Marian"]
[Result "1-0"]
[WhiteElo "2379"]
[BlackElo "1834"]
[Annotator "TA"]
[PlyCount "33"]
[EventDate "2020.07.18"]
[EventType "swiss"]
[EventCountry "CZE"]
[SourceTitle "playchess.com"]
[Source "ChessBase"]
[SourceQuality "1"]

{[%evp 10,33,82,87,132,146,416,424,411,420,467,456,612,510,884,895,891,904,895,879,1133,1128,1164,1153,1155,1113]} 1. d4 Nf6 2. c4 Nc6 3. Nf3 d5 4. Nc3 Bg4 5. cxd5 Nxd5 6. e4 Nb6 {D07: Queen's Gambit: Chigorin Defence.} 7. d5 Ne5 $2 {[%mdl 8192]} (7... Bxf3 $16 {was called for.} 8. gxf3 Na5) 8. Nxe5 $18 Bxd1 9. Bb5+ c6 10. dxc6 {White is clearly winning.} Ba4 {[#]} 11. c7+ $146 ({Predecessor:} 11. Nxa4 Qc7 12. cxb7+ Kd8 13. Nxf7# {1-0 (13) Wilder,M (2460)-Barouty,D (2250) New York 1985}) 11... Qd7 (11... Bxb5 $142 12. cxd8=Q+ Rxd8 13. Nxb5 e6) 12. Nxd7 {[%cal Rd7f6] [#]} Bxb5 13. Nxb6 axb6 14. Nxb5 Kd7 15. Be3 {Threatens to win with 0-0-0+.} e5 16. O-O-O+ Kc6 {[#]} 17. c8=Q+ $1 {White took control after the opening.} 1-0

[Event "3. Open Bohumin 2020"]
[Site "Bohumin"]
[Date "2020.07.18"]
[Round "1.4"]
[White "Adamczyk, Piotr"]
[Black "Goluch, Piotr"]
[Result "0-1"]
[WhiteElo "1825"]
[BlackElo "2376"]
[Annotator "TA"]
[PlyCount "106"]
[EventDate "2020.07.18"]
[EventType "swiss"]
[EventCountry "CZE"]
[SourceTitle "playchess.com"]
[Source "ChessBase"]
[SourceQuality "1"]

{[%evp 12,106,2,0,17,7,34,13,47,43,78,57,64,43,50,31,53,57,86,81,80,81,95,43,58,62,73,62,106,62,64,60,64,51,139,53,61,55,87,93,129,67,120,139,124,47,41,0,0,0,0,0,0,-9,0,-32,-66,-233,-63,-99,-93,-83,-70,-74,-81,-104,0,-8,-8,-16,0,0,97,101,124,108,247,36,59,0,8,0,0,-20,-22,-482,0,0,0,-470,-462,-462,-455,-215,-163,-4810,-4810]} 1. e4 c6 2. d4 d5 3. e5 c5 4. c3 Nc6 5. Nf3 Bg4 6. Be2 e6 7. O-O Nge7 {B12: Caro-Kann: Advance Variation.} 8. Nbd2 Nf5 {[%cal Rc5d4]} 9. h3 Bxf3 {The position is equal.} 10. Nxf3 Qb6 11. g4 Nfe7 {[#]} 12. a3 $146 ({Predecessor:} 12. dxc5 Qxc5 13. Be3 Qa5 14. Qb3 Qc7 15. c4 dxc4 16. Bxc4 Ng6 17. Rac1 Be7 18. Rfd1 {0-1 (26) Larsen,U (1975)-Dahl,M (1670) Fornebu 2017}) 12... h5 13. b4 cxd4 14. cxd4 hxg4 15. hxg4 Ng6 16. Be3 Be7 17. Kg2 (17. Rc1 $16) 17... O-O-O $1 $14 18. Qd2 Kb8 19. Rh1 $1 f5 20. gxf5 exf5 21. Rxh8 Rxh8 22. Rh1 Rf8 ({Better is} 22... Rxh1 $14 23. Kxh1 Nf8) 23. Qd3 (23. Qc2 $16) 23... Nd8 $1 24. Qb5 Qe6 25. Kf1 Nf7 26. Qd3 (26. Bd2 $16) 26... f4 (26... Ngh8 $1 $14) 27. Bd2 $16 Nh6 28. b5 (28. Rg1 $16 Nf5 29. Ng5 Bxg5 30. Rxg5) 28... Nf5 $14 29. Bb4 Bxb4 30. axb4 Nge7 31. Ke1 Qb6 32. Kd2 g5 33. Nxg5 (33. Rg1 $5 {[%cal Rg1g5]}) 33... Nxd4 34. Rh7 $2 {[#]} (34. Nh7 $1 $15 Rh8 35. Rh5) 34... Ndf5 $2 (34... f3 $1 $19 {[%cal Rf3e2][%mdl 512]} 35. Bd1 (35. Bxf3 Nxf3+) 35... Nef5) 35. Rh2 Rc8 36. Bg4 Qg6 37. Bxf5 $1 Nxf5 38. Nf3 {[#]} Qf7 (38... d4 $1 $17 {[%mdl 512] ...Qf7 is the strong threat.} 39. Rh1 (39. Nxd4 Qg1) 39... Qg2) 39. Ng5 Qf8 (39... Qg6 $5 40. Nf3 $8 d4 $1 $11 {[%mdl 512]}) 40. Ke2 $1 f3+ 41. Nxf3 Ng7 (41... Qf7 $11) 42. Qxd5 $16 {Threatens to win with Rh7.} Rd8 43. Qe4 {And now Nd4 would win.} Ne6 (43... Qf7 $16) 44. Rh4 $2 (44. Rh7 $18 {[%csl Gh7][%cal Re4b7]} Nc7 45. e6) 44... Qe8 $14 45. Qc4 ({White should play} 45. Kf1 $14) 45... Qd7 46. Ke3 Qd1 47. Nd4 Qe1+ 48. Qe2 $2 {[%mdl 8192]} (48. Ne2 $11 {and White has nothing to worry.} Qd2+ 49. Kf3) 48... Qc3+ $2 (48... Qc1+ $19 49. Qd2 Qxd2+ 50. Kxd2 Nxd4) 49. Qd3 $11 Qe1+ $2 {[%mdl 8192]} (49... Qa1 $11) 50. Qe2 $19 Qc1+ 51. Qd2 {[#]} Qxd2+ $1 52. Kxd2 {aiming for Ke3.} Nxd4 53. Ke3 $2 (53. Rh5) 53... Nf5+ {[%mdl 64] Double Attack. Accuracy: White = 56%, Black = 59%.} 0-1

[Event "3. Open Bohumin 2020"]
[Site "Bohumin"]
[Date "2020.07.18"]
[Round "1.5"]
[White "Molenda, Marcin"]
[Black "Polak, Radim"]
[Result "1-0"]
[WhiteElo "2363"]
[BlackElo "1796"]
[Annotator "TA"]
[PlyCount "47"]
[EventDate "2020.07.18"]
[EventType "swiss"]
[EventCountry "CZE"]
[SourceTitle "playchess.com"]
[Source "ChessBase"]
[SourceQuality "1"]

{[%evp 9,47,25,25,21,27,17,22,22,24,21,22,21,39,50,65,35,37,39,45,34,54,54,49,34,130,127,745,747,1529,1528,1435,1417,29990,1896,1893,1866,1803,1773,29995,-74]} 1. d4 d5 2. c4 c6 3. Nf3 Nf6 4. e3 e6 5. b3 Be7 6. Nbd2 {D30: Queen's Gambit Declined: Systems without Nc3.} Nbd7 7. Bd3 b6 8. O-O {The position is equal.} Bb7 9. Bb2 Rc8 10. Qe2 {[#]} Qc7 $146 ({Predecessor:} 10... O-O 11. Rad1 Qc7 12. Ne5 Nxe5 13. dxe5 Nd7 14. f4 Nc5 15. Bb1 h6 16. f5 exf5 17. Bxf5 {½-½ (50) Farrell,R (2188)-Chan,M (1948) Canberra 2013}) 11. Rac1 Qb8 12. e4 (12. Ne5 {feels hotter.} O-O 13. f4 Rcd8 14. Rf3 Bb4 15. Rh3) 12... dxe4 13. Nxe4 Nxe4 14. Bxe4 {Threatens to win with d5.} Nf6 15. Bb1 O-O 16. Ne5 Rfd8 (16... c5 $14) 17. Rc3 $16 Rxd4 $2 {[%mdl 8192] Now Black is done in.} (17... g6 $16) 18. Rh3 $1 $18 Rd6 {[#]} 19. Bxh7+ $1 {[%mdl 512]} Kf8 {[#]} (19... Nxh7 20. Qh5) 20. Bg6 $1 {[%mdl 512]} fxg6 21. Rh8+ (21. Qg4 $142 Kg8 22. Qxg6 Rf8 23. Ng4 Nh5 24. Nh6+ Kh8 {[#]} 25. Bxg7+ $1 {[%mdl 576] Back Rank} Nxg7 26. Nf7+ $1 {[%mdl 576] Double Attack, Discovered Attack (Double check)} Kg8 27. Rh8#) 21... Ng8 22. Nxg6+ Ke8 23. Rxg8+ {[%mdl 64] Double Attack} Kf7 24. Rh8 $2 {[%mdl 32768] Accuracy: White = 79%, Black = 49%. . Loss on time!?} (24. Rxg7+ {mates} Ke8 25. Rxe7+ {[%mdl 64] Double Attack} Kd8 26. Qh5 Rd7 27. Qh8+ Kc7 28. Be5# {[%mdl 64] Skewer}) 1-0

[Event "3. Open Bohumin 2020"]
[Site "Bohumin"]
[Date "2020.07.18"]
[Round "1.6"]
[White "Zurawicki, Jakub"]
[Black "Czerwonski, Aleksander"]
[Result "1-0"]
[WhiteElo "1806"]
[BlackElo "2362"]
[Annotator "TA"]
[PlyCount "71"]
[EventDate "2020.07.18"]
[EventType "swiss"]
[EventCountry "CZE"]
[SourceTitle "playchess.com"]
[Source "ChessBase"]
[SourceQuality "1"]

{[%evp 10,71,-9,-18,-15,-23,-12,-15,-6,-20,0,-12,-11,-25,52,55,45,63,49,7,42,4,4,4,4,4,4,4,6,2,5,0,0,2,10,6,9,11,25,7,11,13,87,89,106,38,77,112,398,427,524,504,521,518,764,760,719,704,1459,1542,1878,1868,1472,1408]} 1. d4 d6 2. c4 e5 3. dxe5 dxe5 4. Qxd8+ Kxd8 5. Nc3 Be6 6. e3 c6 {A41: 1 d4 d6: Tartakower System and Modern Defence.} 7. f4 Nd7 8. Nf3 f6 {[#] The position is equal.} 9. a3 $146 ({Predecessor:} 9. b3) 9... a5 10. Bd2 Kc7 11. Be2 Ne7 (11... exf4 $11 12. exf4 Bc5) 12. fxe5 $1 $14 Nxe5 13. Nxe5 fxe5 14. O-O Nf5 15. Ne4 {Threatening Bc3.} Nd6 16. Nxd6 Bxd6 17. b4 axb4 18. axb4 Be7 19. Bc3 Bf6 20. e4 (20. c5 {is more complex.} Bd5 21. g3 Rhf8 22. h4 h6 23. Kh2) 20... Rxa1 21. Rxa1 Bf7 22. Kf2 Bg6 23. Bf3 Rd8 24. Ke3 Bg5+ 25. Ke2 Bf7 (25... Re8 $11 {remains equal.}) 26. Bxe5+ $16 Kb6 27. c5+ ({Much weaker is} 27. Bxg7 $6 Bxc4+ 28. Kf2 Be7 $11) 27... Kb5 28. Bd6 {Hoping for Kd3.} Bf6 $2 {[%mdl 8192] [#] This move loses the game for Black.} (28... Bc4+ $16 {might work better.} 29. Kf2 Bd2) 29. Ra7 $1 $18 {[%cal Ra7b7]} Bc4+ {White is clearly winning.} 30. Ke3 Rd7 31. e5 Bg5+ 32. Kd4 Kxb4 {[#]} 33. Bxc6 $1 {[%mdl 576] Double Attack, Pin} Rxd6+ (33... bxc6 34. Rxd7) 34. cxd6 ({Worse is} 34. exd6 Bf6+ 35. Ke4 bxc6 $11) 34... bxc6 35. Rb7+ Bb5 36. e6 {Accuracy: White = 92%, Black = 58%.} 1-0

[Event "3. Open Bohumin 2020"]
[Site "Bohumin"]
[Date "2020.07.18"]
[Round "1.7"]
[White "Fargac, Martin"]
[Black "Terpstra, Wiep"]
[Result "1-0"]
[WhiteElo "2306"]
[BlackElo "1803"]
[Annotator "TA"]
[PlyCount "85"]
[EventDate "2020.07.18"]
[EventType "swiss"]
[EventCountry "CZE"]
[SourceTitle "playchess.com"]
[Source "ChessBase"]
[SourceQuality "1"]

{[%evp 14,85,24,25,29,18,27,25,37,27,35,5,22,27,41,30,49,49,49,52,44,42,62,44,70,77,71,60,60,56,45,49,60,61,54,62,63,64,68,64,80,81,89,87,163,159,166,158,181,174,189,187,241,241,227,230,246,250,290,284,344,347,704,681,600,335,361,337,1116,1106,1116,1081,1007,951]} 1. e4 d6 2. d4 e5 3. Nf3 exd4 4. Nxd4 Nf6 5. Nc3 Be7 6. Be2 O-O 7. O-O Re8 8. Re1 c6 {C41: Philidor Defence.} 9. a4 Bf8 10. Bf1 a5 {White has an edge.} 11. Bg5 Nbd7 12. Nb3 Ne5 13. h3 {[#]} Ng6 $146 ({Predecessor:} 13... h6 14. Bh4 Ng6 15. Bg3 Be6 16. Nd4 Qb6 17. Nxe6 Rxe6 18. Bc4 Ree8 19. Bb3 Rad8 {½-½ (63) Zvarik,M (2296)-Domanski,L (2002) Tatranske Zruby 2015}) 14. Qd4 h6 15. Bxf6 Qxf6 16. Qxf6 gxf6 17. Nd4 Be6 18. Rad1 Rad8 {[%cal Ba8d8,Bd8d5,Bd5e5][%mdl 32]} 19. Be2 d5 20. exd5 Bxd5 21. Nxd5 Rxd5 22. Kf1 Nf4 23. Bf3 Rxe1+ 24. Kxe1 Re5+ 25. Kf1 Ne6 26. Nxe6 Rxe6 $14 {[%mdl 4096] Endgame KRB-KRB. Black is now going downhill.} 27. Rd7 b6 28. Rc7 c5 (28... Kg7 $16 {was worth a try.}) 29. Bd5 $18 Re7 30. Rc6 Rd7 31. c4 Kg7 32. Rxb6 Ra7 (32... Bd6 $142 33. Ke2 Rd8) 33. Ke2 Be7 34. Kf3 Bd8 35. Rb5 Be7 36. Bb7 f5 37. Kf4 Kf6 $2 {[#]} (37... Kf8 38. Kxf5 Kg7) 38. Rb6+ Kg7 39. Kxf5 Bd8 40. Rb5 Bf6 $2 (40... Kf8 41. Ke5 Ke7) 41. Ke4 {White is clearly winning.} Bd4 42. Kd5 Bxf2 43. Kc6 {Accuracy: White = 89%, Black = 66%.} 1-0

[Event "3. Open Bohumin 2020"]
[Site "Bohumin"]
[Date "2020.07.18"]
[Round "1.8"]
[White "Cubok, Zdenek"]
[Black "Mrazek, Lumir"]
[Result "0-1"]
[WhiteElo "1797"]
[BlackElo "2333"]
[Annotator "TA"]
[PlyCount "56"]
[EventDate "2020.07.18"]
[EventType "swiss"]
[EventCountry "CZE"]
[SourceTitle "playchess.com"]
[Source "ChessBase"]
[SourceQuality "1"]

{[%evp 10,56,13,-31,-26,-56,-58,-57,3,-142,-158,-182,-177,-214,-161,-168,-95,-161,-161,-181,-164,-248,-128,-162,-138,-298,-252,-267,-239,-442,-443,-392,-377,-446,-454,-567,-547,-582,-525,-944,-925,-2878,-1954,-29989,-29990,-29997,-29998,-29998,-29999]} 1. Nf3 Nf6 2. b3 c5 3. c4 Nc6 4. Bb2 e6 5. g3 d5 6. Bg2 d4 $1 {6...d4 is better than 6...Be7. A13: English Opening: 1...e6.} 7. d3 e5 8. O-O {[#]} h5 $146 (8... Bd6 $15) ({Predecessor:} 8... Bd6 9. e3 O-O 10. exd4 exd4 11. Na3 Bf5 12. Nc2 a5 13. Qd2 Qd7 14. Rfe1 h6 {½-½ (47) Bacallao Alonso,Y (2467)-Peralta,F (2545) Badalona 2009}) 9. h3 (9. e3 $11) 9... h4 $1 $17 10. gxh4 Bf5 11. e4 Be6 12. Ng5 Qd7 (12... Bc8 $19 13. Bc1 Nh5) 13. f4 {[#]} (13. Bc1 $17) 13... exf4 $1 $19 14. Nxe6 Qxe6 15. e5 (15. Bc1 $142) 15... Nh5 (15... Nxe5 $19 16. Bc1 f3 17. Bxf3 Rxh4) 16. Nd2 $17 Be7 ({Much less strong is} 16... Nxe5 17. Re1 $17) 17. Nf3 $2 {This costs White the game.} (17. Bxc6+ $17 bxc6 18. Qg4) 17... Ng3 $19 18. Re1 Bxh4 19. Nxh4 $2 (19. Qd2) 19... Rxh4 20. Ba3 Qe7 21. e6 fxe6 22. Bxc5 Qxc5 23. Rxe6+ Kd7 24. Qe1 Qg5 25. Bxc6+ bxc6 26. Re5 Nf5+ {Black mates.} 27. Kh2 {[#]} Rxh3+ $1 {[%mdl 512]} 28. Kxh3 Rh8+ {Accuracy: White = 25%, Black = 79%.} 0-1

[Event "3. Open Bohumin 2020"]
[Site "Bohumin"]
[Date "2020.07.18"]
[Round "1.9"]
[White "Michenka, Jozef"]
[Black "Sebesta, Jan"]
[Result "1-0"]
[WhiteElo "2299"]
[BlackElo "1947"]
[Annotator "TA"]
[PlyCount "59"]
[EventDate "2020.07.18"]
[EventType "swiss"]
[EventCountry "CZE"]
[SourceTitle "playchess.com"]
[Source "ChessBase"]
[SourceQuality "1"]

{[%evp 18,59,21,25,32,20,49,19,18,21,77,83,126,119,178,177,199,156,163,164,191,191,195,181,231,235,213,213,281,37,362,367,341,356,357,355,794,753,908,908,1499,1483,1474,1450]} 1. d4 Nf6 2. c4 g6 3. Nc3 d5 4. Bg5 Ne4 5. Bh4 Nxc3 6. bxc3 Bg7 7. e3 c5 8. cxd5 Qxd5 9. Qf3 Qxf3 10. Nxf3 Nc6 {D80: Grünfeld: Unusual White 4th moves and 4 Bg5.} 11. Rb1 O-O 12. Be2 cxd4 {The position is equal.} 13. cxd4 a6 (13... Be6 $11 {remains equal.}) 14. O-O $16 Re8 15. Rfc1 e6 (15... h6 $16 16. h3 Nd8) 16. Nd2 $1 $18 Ne7 {[#]} 17. Bxe7 $146 ({Predecessor:} 17. Bg3 b5 18. Ne4 Nf5 19. Bc7 Ra7 20. a4 Bd7 21. Bb6 Rb7 22. a5 Reb8 23. Nc5 {1-0 (33) Hesselbarth,K (1864)-Gloess,H (1533) Berlin 2009}) 17... Rxe7 18. Nc4 $1 {[%cal Rc4b6]} Re8 19. Nb6 $1 {[%cal Rb6a8]} Rb8 20. Rc7 $36 {[%mdl 2048] Hoping for Rbc1. Black is under strong pressure.} e5 {[#]} 21. Rbc1 $1 ({Inferior is} 21. Rxc8 Rexc8 22. Nxc8 Rxc8 $11) 21... Bf5 {[#]} 22. g4 $1 {[%cal Rg4f5]} Be4 23. f3 $2 (23. Bc4 $18) 23... Bc6 $2 {[%mdl 8192] Loses the game.} (23... Bh6 $1 $14) 24. d5 {[%cal Bd4d5,Bd5d6,Bd6d7][%mdl 32]} Bb5 25. Bxb5 axb5 26. d6 {Threatens to win with d7.} Bf6 $2 (26... Rbd8 27. d7 (27. Rxb7 Rxd6 28. g5 h6 $11) 27... Rf8 28. Rxb7 Bf6) 27. d7 {White is clearly winning.} Red8 28. Rc8 Kg7 29. Rxb8 Rxb8 30. Rc8 {Accuracy: White = 82%, Black = 29%.} 1-0

[Event "3. Open Bohumin 2020"]
[Site "Bohumin"]
[Date "2020.07.18"]
[Round "1.10"]
[White "Dziendziel, Mateusz"]
[Black "Czerw, Dawid"]
[Result "1/2-1/2"]
[WhiteElo "1768"]
[BlackElo "2287"]
[Annotator "TA"]
[PlyCount "92"]
[EventDate "2020.07.18"]
[EventType "swiss"]
[EventCountry "CZE"]
[SourceTitle "playchess.com"]
[Source "ChessBase"]
[SourceQuality "1"]

{[%evp 24,92,23,0,12,-16,0,0,18,22,26,0,0,0,0,-18,-20,-30,-31,-26,-23,-29,-28,-40,-22,-22,-24,-22,-20,-18,-16,-69,-15,-14,-12,-15,0,0,0,0,16,19,41,33,75,74,68,59,78,50,53,38,38,42,47,35,45,15,30,0,0,0,23,23,74,74,74,57,127,104,99]} 1. e4 c5 2. Nf3 e6 3. d4 cxd4 4. Nxd4 Nc6 5. Nc3 Qc7 6. Be3 a6 7. Be2 Nf6 8. O-O Be7 9. Kh1 O-O 10. f4 d6 11. Qe1 Nxd4 12. Bxd4 b5 13. a3 Bb7 {B85: Sicilian Scheveningen: 6 Be2 a6, lines with early Be3.} 14. Bd3 Rad8 15. Qg3 Rd7 {The position is equal.} 16. Rae1 Re8 17. e5 dxe5 18. Bxe5 Qd8 $1 19. f5 {Strongly threatening Qh3.} (19. Qh4 {with more complications.} Ne4 20. Qg4 Nf6 21. Qh4) 19... Bd6 $1 20. fxe6 Rxe6 {...Nh5 is the strong threat.} 21. Bxd6 $1 Rdxd6 22. Rxe6 Rxe6 {[#]} 23. Rd1 $146 ({Predecessor:} 23. h3 g5 24. Be2 Kg7 25. Bf3 Bxf3 26. Qxf3 Qd4 27. Rd1 Qe5 28. Qd3 Nh5 29. Qd4 {½-½ (65) Herbrechtsmeier,C (2288)-Dovzik,J (2381) Austria 2011}) 23... Qa8 24. Bf5 Re8 25. Kg1 g6 26. Bd3 Qc8 27. Rf1 (27. h3 $11) 27... Qc6 (27... Ng4 $1 $15 28. Nd1 Qc5+ 29. Kh1 f5) 28. Qf3 $11 {[#] Threatens to win with Qxc6.} Qxf3 29. gxf3 Re3 30. Be2 Re5 31. Kf2 Nh5 32. Rd1 Re7 33. Rd4 g5 34. a4 bxa4 35. Rxa4 Re6 36. Ra5 h6 37. h4 Nf4 38. hxg5 Nh3+ 39. Kg3 Nxg5 40. Rf5 Rg6 {next ...Nxf3+ is good for Black.} 41. Kf4 Rb6 42. b3 Rd6 43. Ne4 Nxe4 (43... Ne6+ $11 44. Ke3 Bxe4 45. fxe4 Nd4) 44. fxe4 $16 Kg7 45. Bc4 f6 ({Better is} 45... Rf6 $14) 46. e5 fxe5+ {Accuracy: White = 79%, Black = 83%.} 1/2-1/2

[Event "3. Open Bohumin 2020"]
[Site "Bohumin"]
[Date "2020.07.18"]
[Round "1.11"]
[White "Dobrovolsky, Ladislav"]
[Black "Obrochta, Lena"]
[Result "1-0"]
[WhiteElo "2277"]
[BlackElo "1761"]
[Annotator "TA"]
[PlyCount "61"]
[EventDate "2020.07.18"]
[EventType "swiss"]
[EventCountry "CZE"]
[SourceTitle "playchess.com"]
[Source "ChessBase"]
[SourceQuality "1"]

{[%evp 19,61,30,49,46,42,20,40,-44,10,6,31,37,101,22,37,0,71,66,74,64,65,66,69,60,67,68,101,100,252,235,252,241,245,238,274,274,477,477,454,461,959,959,1383,1218]} 1. Nf3 d5 2. c4 e6 3. g3 Nf6 4. Bg2 Be7 5. O-O O-O 6. d4 c5 7. cxd5 exd5 8. Nc3 Nc6 9. Bg5 cxd4 10. Nxd4 Be6 11. Qa4 {D34: Tarrasch Defence: 6 g3 Nf6 7 Bg2 Be7.} Qb6 12. Nxe6 fxe6 {[#]} 13. b3 $146 ({Better is} 13. Bh3 $14) ({Predecessor:} 13. Qb5 Qxb5 14. Nxb5 Rac8 15. Rad1 Rfd8 16. Bd2 a6 17. Nc3 Ne5 18. b3 Kf7 {1-0 (51) Abramovic,B (2448)-Radovic,J (2265) Veliko Gradiste 2015}) 13... Rac8 (13... Bb4 $15 14. Nd1 Nd7) 14. Rac1 a6 15. Bh3 Kf7 $1 16. Rfd1 (16. e4 $1 $16 {[%cal Re4d5]} d4 17. Nd5 $1 {[%mdl 512]} (17. Qc4 $2 Ne5 $19 {[%mdl 64] Pin}) 17... exd5 18. Bxf6 Bxf6 19. exd5) 16... Qb4 17. Qxb4 (17. Bxf6 {with more complications.} Qxa4 18. bxa4 Kxf6 19. e3 Rb8 20. e4) 17... Bxb4 {[#]} (17... Nxb4 $11 18. a3 h6) 18. Bxf6 $1 $16 gxf6 {[#]} 19. Nxd5 $1 {[%mdl 512]} exd5 20. Bxc8 Rxc8 21. Rxd5 {And now Rd7+ would win.} Ke6 22. Rh5 Rc7 23. Rc4 Rf7 $2 {This costs Black the game.} (23... Bf8 $16) 24. Re4+ $18 Kd7 25. Reh4 Be7 26. Rxh7 Rxh7 27. Rxh7 Nb4 $2 (27... Ke8 {is a better defense.} 28. h4 Kf8) 28. h4 {White is clearly winning.} Nxa2 29. h5 {Strongly threatening h6.} Nc3 (29... Ke8 $142 30. h6 Bf8) 30. h6 Nd5 31. e4 {Accuracy: White = 76%, Black = 33%.} 1-0